Catálogo
Digital

Catálogo
Digital

Comunicación, afectividad y emociones del docente universitario Riobamba - Ecuador (Record no. 14484)

MARC details
000 -CABECERA
campo de control de longitud fija 03573nam a2200349 4500
003 - IDENTIFICADOR DEL NÚMERO DE CONTROL
campo de control EC-UNACH
005 - FECHA Y HORA DE LA ÚLTIMA TRANSACCIÓN
campo de control 20260402124855.0
006 - CÓDIGOS DE INFORMACIÓN DE LONGITUD FIJA--CARACTERÍSTICAS DEL MATERIAL ADICIONAL
campo de control de longitud fija s||||gr|||| 00| 00
008 - DATOS DE LONGITUD FIJA--INFORMACIÓN GENERAL
campo de control de longitud fija 150116t9999 mx r gr 000 0 spa d
020 ## - NÚMERO INTERNACIONAL ESTÁNDAR DEL LIBRO
Número Internacional Estándar del Libro 978-9942-584-11-3
040 ## - FUENTE DE LA CATALOGACIÓN
Centro catalogador/agencia de origen EC-UNACH
Centro/agencia transcriptor EC-UNACH
041 ## - CÓDIGO DE LENGUA
Código de lengua del texto/banda sonora o título independiente spa
082 04 - NÚMERO DE LA CLASIFICACIÓN DECIMAL DEWEY
Número de edición 23
Número de clasificación 370
Número de documento/Ítem L018622
100 ## - ENTRADA PRINCIPAL--NOMBRE DE PERSONA
Nombre de persona Liccioni, Edith Josefina / Rivas Saavedra, Magda Elena / Viñán Carrasco, Luis Miguel
245 ## - MENCIÓN DE TÍTULO
Título Comunicación, afectividad y emociones del docente universitario Riobamba - Ecuador
250 ## - MENCIÓN DE EDICIÓN
Mención de edición Primera edición
264 ## - Producción, publicación, distribución, fabricación y copyright
Lugar de producción, publicación, distribución, fabricación Riobamba - Ecuador
Nombre del de productor, editor, distribuidor, fabricante Universidad Nacional de Chimborazo
Fecha de de producción, publicación, distribución, fabricación o copyright 2025
264 ## - Producción, publicación, distribución, fabricación y copyright
Lugar de producción, publicación, distribución, fabricación Producción - UNACH
300 ## - DESCRIPCIÓN FÍSICA
Extensión 172 páginas
501 ## - NOTA DE "CON"
Nota de “Con” Comunicación, afectividad y emociones del docente universitario se sumerge en el estudio integral de la comunicación afectiva en el contexto universitario, proponiéndola no solo como herramienta pedagógica, sino como fundamento ontológico del ser docente. A partir de una introducción contextualizadora, el capítulo 1 aborda la afectividad como práctica educativa, explorando la dimensión humana del docente en su rol comunicativo y afectivo, y planteando pliegues ontológicos que vinculan el ser y el hacer afectivo en la educación superior.<br/><br/>En el capítulo 2, se profundizan las concepciones teóricas que sustentan el quehacer pedagógico afectivo, desglosando perspectivas epistemológicas, filosófico-espirituales, psicológicas, axiológicas y sociológicas que apoyan la formación integral con sentido humano y emocional.<br/><br/>El capítulo 3 amplía la mirada sobre la relación entre afectividad y comunicación en la docencia universitaria, incorporando aportes de diversos autores sobre las emociones como insumos críticos en el proceso educativo, y reconociendo al docente como agente comunicativo afectivo.<br/><br/>A continuación, el capítulo 4 presenta una revisión diacrónica del concepto de competencia, enfocándose en la competencia comunicativa como espacio articulador entre lo organizacional, lo afectivo y lo educativo. Se visibiliza la afectividad como componente clave en la interacción docente-estudiante y se propone una hermenéutica documental que profundiza esta relación desde una perspectiva crítica.<br/><br/>Finalmente, el capítulo 5 integra las vivencias y la psicoecoafectividad del docente universitario, incorporando la conciencia ambiental como parte del ejercicio profesional afectivo. Los hallazgos emergentes abren camino a reflexiones profundas sobre la docencia como experiencia emocional situada, culminando con metarreflexiones que reafirman la necesidad de una pedagogía universitaria afectiva, ética y humanista.
505 ## - NOTA DE CONTENIDO CON FORMATO
Nota de contenido con formato Capítulo 1: Comunicación afectiva aplicada en el contexto universitario -- Capítulo2: Concepciones teóricas de la enseñanza que apoyan el ser y hacer pedagógico -- Capítulo 3: Afectividad y emocionalidad: Miradas desde los autores -- Capítulo 4: Comunicación, afectividad y emociones en contextos universitarios -- Capítulo 5: Vivencias y psicoecoafectividad del docente de educación superior.
650 ## - PUNTO DE ACCESO ADICIONAL DE MATERIA--TÉRMINO DE MATERIA
Término de materia o nombre geográfico como elemento inicial COMUNICACIÓN
650 ## - PUNTO DE ACCESO ADICIONAL DE MATERIA--TÉRMINO DE MATERIA
Término de materia o nombre geográfico como elemento inicial AFECTIVIDAD
650 ## - PUNTO DE ACCESO ADICIONAL DE MATERIA--TÉRMINO DE MATERIA
Término de materia o nombre geográfico como elemento inicial EMOCIONES
650 ## - PUNTO DE ACCESO ADICIONAL DE MATERIA--TÉRMINO DE MATERIA
Término de materia o nombre geográfico como elemento inicial EDUCACIÓN
650 ## - PUNTO DE ACCESO ADICIONAL DE MATERIA--TÉRMINO DE MATERIA
Término de materia o nombre geográfico como elemento inicial EDUCACIÓN SUPERIOR
856 ## - LOCALIZACIÓN Y ACCESO ELECTRÓNICOS
Identificador Uniforme del Recurso <a href="https://editorial.unach.edu.ec/index.php/Editorial/catalog/book/281">https://editorial.unach.edu.ec/index.php/Editorial/catalog/book/281</a>
Texto de enlace Libro Digital - Comunicación, afectividad y emociones del docente universitario
942 ## - ELEMENTOS DE PUNTO DE ACCESO ADICIONAL (KOHA)
Fuente del sistema de clasificación o colocación Clasificación Decimal Dewey
Tipo de ítem Koha Libro electrónico
999 ## - NÚMEROS DE CONTROL DE SISTEMA (KOHA)
Koha biblionumber 14484
Holdings
Estado de pérdida Fuente del sistema de clasificación o colocación Estado dañado No para préstamo Localización permanente Ubicación/localización actual Ubicación en estantería Fecha de adquisición Fuente de adquisición Total de préstamos Signatura topográfica completa Código de barras Fecha visto por última vez Número de copia Precio válido a partir de Tipo de ítem Koha Centro de costos
  Clasificación Decimal Dewey     Biblioteca Campus Sur Biblioteca Campus Sur Psicopedagogía 02/04/2026 Producción Científica UNACH   370 LIC L018622 L018622 02/04/2026 Ejemplar: 01 02/04/2026 Libro electrónico  

Powered by Koha